000 00662nam a22002057a 4500
003 UA-OsUOA
001 99072
007 ta
008 20130423b un ||||| |||| 00| 0 ukr d
090 _a82
_bО-75
942 _cSA
040 _aUA-OsUOA
_bukr
_cUA-OsUOA
_dUA-OsUOA
245 _aОсобливості розвитку західноукраїнської та еміграційної прози у 1920-1930-х рр.
300 _aС.2
955 _a0
041 _aukr
080 _a82
773 0 _w99071
_tБілліотечка "Дивослова"
_dК.
_d2013
_g4
650 7 _a82 Література. Літературознавство
_2UDC
999 _c385548
_d385548